000 00272nam a22001337a 4500
008 170825b xxu||||| |||| 00| 0 eng d
020 _a9781133270331
041 _aeng
080 _a070
100 _a40
101 _aMED
245 _aACCT
_cGODWIN.A
942 _2udc
_cBK
999 _c24979
_d24979